000 00585nam a2200229Ia 4500
003 OSt
005 20220918184617.0
006 a|||||r|||| 00| 0
007 ta
008 220917b |||||||| |||| 00| 0 eng d
024 _a47,321
037 _cTextual
040 _aARTS
_cARTS
_beng
041 _2eng
_aeng
082 _aO9N, L0
100 _aHartman Geoffrey H
_914910
245 0 _aBeyond formalism
_b literary essays 1958-1970
260 _c1970
650 _aENGLISH LITERATURE
942 _hO9N, L0
_cTEXL
_2CC
999 _c177180
_d177180